A desirable residence

Bibliographic Details
Main Author: Wickham, Madeleine
Format: Book
Published: London : Black Swan , 1996
Subjects:

MARC

LEADER 00000cam a2200000 7i4500
001 0000165607
005 20120927.0
020 |a 9780552776707 
090 0 0 |a F   |b WIC 
100 1 |a Wickham, Madeleine 
245 1 2 |a A desirable residence   |c Madeleine Wickham 
260 |a London :   |b Black Swan ,   |c 1996 
300 |a 333p. ;   |c 20cm. 
650 0 0 |a Fiction 
999 |a 00263264   |b BUKU   |c PINJAMAN   |e PERPUSTAKAAN KOMUNITI PETALING JAYA